| 000 | 00494cam a22001457a 4500 | ||
|---|---|---|---|
| 008 | 180718b1949 xxu||||| |||| 00| 0 eng d | ||
| 082 | _aR83x73 P96 | ||
| 100 | _aLazarus, Herman | ||
| 245 |
_aRole of collective bargaining in a democracy _cby Herman Lazarus and Joseph P. Goldberg |
||
| 260 |
_aWashington _bPublic Affairs Institute _c1949 |
||
| 300 | _a72p. | ||
| 650 | _aCollective bargaining --United States | ||
| 650 | _aIndustrial relations --United States | ||
| 700 | _aGoldberg, Joseph P. | ||
| 999 |
_c501718 _d501718 |
||